00762nam a22002177a 450000500170000001000110001702000220002803500110005003700160006104000120007708200200008910000290010924500730013826000390021130000240025065000230027465000380029794200280033599900190036395201620038220170124110026.0 a697512 c00.00a0575013311 a697512 bCen Lib/Ret aDPLbEN a629.14353bCLA  aClarke, Arthur C.920758 aReport on planet three and other speculations /cby Arthur C. Clarke aLondonbVictor Gollancz Ltd.c1972 axii,249p.c20cm(Hb) aOuter space920759 aExploration of outer space920760 2ddccENh629.14353mCLA c127532d127532 04104070aLbLd2015-06-29eCen Lib/Retg0.00l0o629.14353 CLAp697512r2015-06-29 00:00:00t1v0.00w2015-06-29yENzW/d List No. 6870/6 ; dtd 13/08/2020